000 00538nam a2200205Ia 4500
005 20250923144445.0
008 008 250917s9999 xx 000 0 eng d
037 _aTextual
040 _aDSWL
_beng
_cDSWL
041 _aeng
_2eng
084 _qDSWL
100 _aJain, Jagdish Chandra
_9825100
245 0 _aSmprdyavad
_cby Jagdish Chandra Jain
260 _aBanaras
_bJagran Sahatya Mandli India
_c1950
300 _aviii,162p.
365 _aINR
_b3
925 _g3
942 _cTEXL
999 _c1439101
_d1439101